000 00772nam a2200229 i 4500
001 183215
003 ES-MaACL
005 20240513181600.0
008 140130s1990 sp |||| | spa d
020 _a84-309-1875-2
080 _a929 Hölderlin, Friedrich
100 1 _aHölderlin, Friedrich.
_964001
245 1 0 _aCartas /
_cFriederich Hölderlin ; edición de José Luis Rodríguez García.
260 _aMadrid :
_bTecnos,
_cD.L. 1990.
300 _a115 p. ;
_c22 cm.
490 1 _aMetropolis
600 0 4 _aHölderlin, Friedrich-
_vCorrespondencia.
_964002
700 0 _aRodríguez García, José Luis,
_d1949-2022
_998541
830 0 _aMetropolis
_9177922
852 _aES-MaACL
_jL-30044
_z.- Donat. Miguel A. Velasco
999 _c183215
_d183215